<?xml version="1.0" encoding="UTF-8"?>
<record
    xmlns:xsi="http://www.w3.org/2001/XMLSchema-instance"
    xsi:schemaLocation="http://www.loc.gov/MARC21/slim http://www.loc.gov/standards/marcxml/schema/MARC21slim.xsd"
    xmlns="http://www.loc.gov/MARC21/slim">

  <leader>00998nas a2200265 454500</leader>
  <controlfield tag="001">36692</controlfield>
  <controlfield tag="005">20260407193509.0</controlfield>
  <controlfield tag="008">260407s1976####ag###########|||spa#d</controlfield>
  <controlfield tag="003">AR-UNSa-BCEJYS</controlfield>
  <datafield tag="040" ind1=" " ind2=" ">
    <subfield code="a">AR-UNSa-BCEJYS</subfield>
    <subfield code="b">spa</subfield>
    <subfield code="c">AR-UNSa-BCEJYS</subfield>
  </datafield>
  <datafield tag="080" ind1=" " ind2=" ">
    <subfield code="a">336</subfield>
    <subfield code="x">Finanzas. Finanzas p&#xFA;blicas. Banca. Moneda. Bolsa
</subfield>
  </datafield>
  <datafield tag="245" ind1="1" ind2="0">
    <subfield code="a">Revista Argentina de finanzas</subfield>
  </datafield>
  <datafield tag="022" ind1=" " ind2=" ">
    <subfield code="a">0325-4844</subfield>
  </datafield>
  <datafield tag="264" ind1=" " ind2="1">
    <subfield code="a">Buenos Aires :</subfield>
    <subfield code="b">FAICES</subfield>
    <subfield code="c">1976</subfield>
  </datafield>
  <datafield tag="310" ind1=" " ind2=" ">
    <subfield code="a">Frecuencia: Semestral
Cambia de Director a partir de Junio de 1979, N&#xBA; 4 por C&#xE9;sar H. Belaunde</subfield>
  </datafield>
  <datafield tag="041" ind1=" " ind2=" ">
    <subfield code="a">spa</subfield>
  </datafield>
  <datafield tag="942" ind1=" " ind2=" ">
    <subfield code="c">SER</subfield>
  </datafield>
  <datafield tag="590" ind1=" " ind2=" ">
    <subfield code="a">niveau_biblio:s niveau_hierar:1</subfield>
  </datafield>
  <datafield tag="100" ind1="1" ind2=" ">
    <subfield code="a">Fundaci&#xF3;n Argentina para el Intercambio Cultural en lo Econ&#xF3;mico Social. Instituto Argentino de Relaciones Internacionales (IARI)</subfield>
  </datafield>
  <datafield tag="700" ind1="1" ind2=" ">
    <subfield code="a">Brodersohn, Mario S.</subfield>
  </datafield>
  <datafield tag="650" ind1=" " ind2=" ">
    <subfield code="a">Finanzas</subfield>
  </datafield>
  <datafield tag="650" ind1=" " ind2=" ">
    <subfield code="a">FINANCIAMIENTO</subfield>
  </datafield>
  <datafield tag="650" ind1=" " ind2=" ">
    <subfield code="a">GESTION FINANCIERA</subfield>
  </datafield>
  <datafield tag="856" ind1="4" ind2="1">
    <subfield code="u">https://170.210.207.44/pmb/images/revistas/R19020.jpg</subfield>
    <subfield code="y">Imagen de portada</subfield>
    <subfield code="q">image/jpeg</subfield>
  </datafield>
  <datafield tag="999" ind1=" " ind2=" ">
    <subfield code="c">8791</subfield>
    <subfield code="d">8791</subfield>
  </datafield>
  <datafield tag="952" ind1=" " ind2=" ">
    <subfield code="0">0</subfield>
    <subfield code="1">0</subfield>
    <subfield code="4">0</subfield>
    <subfield code="7">0</subfield>
    <subfield code="a">BCEJYS</subfield>
    <subfield code="b">BCEJYS</subfield>
    <subfield code="c">17</subfield>
    <subfield code="d">1979-06-01</subfield>
    <subfield code="h">A&#xF1;o 3, N&#xBA; 4 - jun. 1979</subfield>
    <subfield code="l">0</subfield>
    <subfield code="o">H336 RAF 4</subfield>
    <subfield code="p">R19021</subfield>
    <subfield code="r">2026-04-10 16:09:51</subfield>
    <subfield code="w">2026-04-10</subfield>
    <subfield code="y">RN</subfield>
  </datafield>
  <datafield tag="952" ind1=" " ind2=" ">
    <subfield code="0">0</subfield>
    <subfield code="1">0</subfield>
    <subfield code="4">0</subfield>
    <subfield code="7">0</subfield>
    <subfield code="a">BCEJYS</subfield>
    <subfield code="b">BCEJYS</subfield>
    <subfield code="c">17</subfield>
    <subfield code="d">1977-12-01</subfield>
    <subfield code="h">A&#xF1;o 2, N&#xBA; 3 - dic. 1977</subfield>
    <subfield code="l">0</subfield>
    <subfield code="o">H336 RAF 3</subfield>
    <subfield code="p">R19020</subfield>
    <subfield code="r">2026-04-10 16:09:51</subfield>
    <subfield code="w">2026-04-10</subfield>
    <subfield code="y">RN</subfield>
  </datafield>
  <datafield tag="952" ind1=" " ind2=" ">
    <subfield code="0">0</subfield>
    <subfield code="1">0</subfield>
    <subfield code="4">0</subfield>
    <subfield code="7">0</subfield>
    <subfield code="a">BCEJYS</subfield>
    <subfield code="b">BCEJYS</subfield>
    <subfield code="c">17</subfield>
    <subfield code="d">1977-06-01</subfield>
    <subfield code="h">A&#xF1;o 1, N&#xBA; 2 - jun. 1977</subfield>
    <subfield code="l">0</subfield>
    <subfield code="o">H336 RAF 2</subfield>
    <subfield code="p">R19019</subfield>
    <subfield code="r">2026-04-10 16:09:51</subfield>
    <subfield code="w">2026-04-10</subfield>
    <subfield code="y">RN</subfield>
  </datafield>
  <datafield tag="952" ind1=" " ind2=" ">
    <subfield code="0">0</subfield>
    <subfield code="1">0</subfield>
    <subfield code="4">0</subfield>
    <subfield code="7">0</subfield>
    <subfield code="a">BCEJYS</subfield>
    <subfield code="b">BCEJYS</subfield>
    <subfield code="c">17</subfield>
    <subfield code="d">1976-12-01</subfield>
    <subfield code="h">A&#xF1;o I, N&#xBA; 1 - dic. 1976</subfield>
    <subfield code="l">0</subfield>
    <subfield code="o">H336 RAF 1</subfield>
    <subfield code="p">R18980</subfield>
    <subfield code="r">2026-04-10 16:09:51</subfield>
    <subfield code="w">2026-04-10</subfield>
    <subfield code="y">RN</subfield>
  </datafield>
</record>
